| 000 | 00769nam a22002177a 4500 | ||
|---|---|---|---|
| 005 | 20140813110656.0 | ||
| 010 | _aB-522453-462 ENG-110408 | ||
| 020 |
_a9780749454135 _c350.00 |
||
| 035 | _aB-522453-462 | ||
| 035 | _aEN-93940 | ||
| 037 |
_adpl _bUBH/vendor |
||
| 037 | _bDBAD/PUB | ||
| 082 | _a650.14 | ||
| 100 | _aBryon, Mike | ||
| 245 |
_aGreat answers to tough career dilemmas : _cby Mike Bryon _btest your aptitude be inspired and discover your ideal career / |
||
| 260 |
_aNew Delhi _bKogan Page _c2012 |
||
| 270 |
_a4737/23, Ansari Road, Darya Ganj _bDelhi _e110002 |
||
| 300 |
_a243p. _c22cm(pbk) |
||
| 942 |
_2ddc _cEN _h650.14 _mBRY |
||
| 999 |
_c77671 _d77671 |
||